| 000 | 00613nam a2200205Ia 4500 | ||
|---|---|---|---|
| 005 | 20221107130124.0 | ||
| 008 | 131103s9999 xx 000 0 und d | ||
| 020 | _cRs.15 | ||
| 040 | _aLoreto College | ||
| 041 | _aEnglish | ||
| 082 |
_a954.02 _bVAR |
||
| 100 | _aVarma, Shanti Prasad | ||
| 245 | 2 |
_aA study in Maratha Diplomacy _b (Anglo - Maratha relations, 1772 - 1783 A.D.) _cShanti Prasad Varma |
|
| 260 |
_aAgra _bShiva Lal Agrawala _c1956 |
||
| 300 | _av,432 p,xii | ||
| 504 | _aIncludes index and bibliographical references | ||
| 650 | _aHistory - Medieval India | ||
| 850 | _aLCLIB | ||
| 942 | _cBK | ||
| 999 |
_c9554 _d60033 |
||